LEADER 00469nab a2200145 i 4500 001 000000261318 003 CaOOAMICUS 005 20050505000000.0 008 050505n xx uu u0 0und r 013 $a2267 040 $aSeMil$bita 245 13$aLe Synode d'Océanie. - Titolo dalla copertina. 500 $a3 janvier 1999 (N°2195). 773 0 $t[1999.$dParis : Bayard, 1999.$w()138562 996 $6245$aLe Synode d'Océanie. - Titolo dalla copertina.$9(OLS)http://semarc/title/355553 LEADER 00661nam a2200169 i 4500 001 000000213695 003 CaOOAMICUS 005 20120604000000.0 008 120604n it u000 u ita u 013 $a192550 040 $aSeMil$bita 245 13$aLe civilta organizzatrici. 300 $aXII, 480 p., [5] c. di tav. :$bc. geogr. 773 0 $aVidari, Giovanni <1871-1934>$tCivilta d'Italia nel loro sviluppo storico.$dTorino : Unione Tipografico-Editrice Torinese, 1932.$g1$w()26876 850 $aSeMil 852 $aSeMil$W1$xVenegono$y1$m3S V 174$j164123$B164123$CSeMilBibl$Z2$F175161 $81 996 $6245$aLe civilta organizzatrici$9(OLS)http://semarc/title/308034